Revista de la Asociacion Medica Argentina de Anticoncepcion (Registro nro. 1260)

Detalles MARC
000 -LEADER
fixed length control field 00670nas a22001937a 4500
008 - CAMPO DE CONTROL RECURSOS CONTINUADOS
fixed length control field 130314t20109999ag ||||| |||| 00| 0 spa d
022 ## - INTERNATIONAL STANDARD SERIAL NUMBER
International Standard Serial Number 1669-2411
245 ## - TITULO
Titulo Revista de la Asociacion Medica Argentina de Anticoncepcion
260 ## - PUBLICACION, DISTRIBUCION, ETC. (PIE DE IMPRENTA)
Lugar de publicación, distribución, etc Buenos Aires:
Nombre de la editorial, distribuidor, etc. Asociacion Medica Argentina de Anticoncepcion,
Fecha de publicación 2010
300 ## - DESCRIPCION FISICA
Extensión v. :
310 ## - FRECUENCIA ACTUAL DE LA PUBLICACION
Frecuencia actual de la publicación semestral
546 ## - NOTA DE IDIOMA
Nota de lenguaje español
590 ## - NOTAS LOCALES (RLIN)
Nota local Indizada en: Latindex
590 ## - NOTAS LOCALES (RLIN)
Nota local Existencias: 2010 6(1)<br/>BAJA DEPOSITO (CAJA 21) MAYO 2019
650 ## - MATERIA-TERMINO TEMATICO
Término temático ANTICONCEPCION
9 (RLIN) 1981
650 ## - MATERIA-TERMINO TEMATICO
Término temático GINECOLOGIA
9 (RLIN) 1896
856 ## - LOCALIZACION ELECTRONICA Y ACCESO
Identificador Uniforme de Recurso (URI) <a href="http://www.amada.org.ar/prof_revista.php">http://www.amada.org.ar/prof_revista.php</a>
Nota pública Solo permite ver los indices, click aqui
942 ## - ADDED ENTRY ELEMENTS (KOHA)
Source of classification or shelving scheme Dewey Decimal Classification
Item type Continuing Resources

No hay ítems disponibles.


UNIVERSIDAD NACIONAL DEL COMAHUE
Biblioteca de la Facultad de Ciencias Médicas
Sede Toschi: Los Arrayanes y Av. Toschi, Cipolletti  - Rio Negro
Sede Los Tordos:  Yrigoyen al 2211, Cipolletti - Rio Negro 

Teléfono: 0299 - 4774707 int 25
Contacto: biblioteca@facimed.uncoma.edu.ar
© 2011 - 2026